[Event "Sharjah Master 2024"]
[Site "Shsrjah - Abu Dhabi"]
[Date "2024.05.16"]
[Round "?"]
[White "Banusz, Tamas"]
[Black "Gavrilescu, David"]
[Result "1/2-1/2"]
[WhiteElo "2623"]
[BlackElo "2538"]
[PlyCount "78"]
[EventDate "2024.05.14"]
[EventCountry "UAE"]

1. c4 e6 2. Nc3 d5 3. d4 Nf6 4. cxd5 exd5 5. Bg5 Bb4 6. e3 h6 7. Bf4 ({RR} 7. Qa4+ Nc6 8. Bxf6 Qxf6 9. Bd3 O-O 10. Nge2 Rd8 11. O-O Bf8 12. Rfc1 a6 13. a3 Ne7 14. b4 c6 15. Qb3 Nf5 16. Na4 Rb8 17. Ng3 Nh4 18. Qc2 g6 19. Nc5 h5 20. Rf1 Re8 21. Rae1 Bh3 {Andreikin,D (2729)-Martinez Alcantara,J (2603) chess.com INT 2024 0-1 (41)}) 7... Bd6 $146 ({RR} 7... g6 8. Nge2 c6 9. a3 Bd6 10. Rc1 Be6 11. Qb3 Bxf4 12. Nxf4 Qb6 13. Qc2 Bf5 14. Bd3 Bxd3 15. Nxd3 Nbd7 16. O-O O-O 17. b4 Rfe8 18. Na4 Qd8 19. Rb1 b5 20. Nac5 Nb6 21. Nb7 Qc7 22. Na5 {Le Goff,R (2286)-Garcia Blanco,O (2377) chess.com INT 2024 0-1 (41)}) ({RR} 7... O-O 8. Bd3 Re8 9. Nge2 c5 10. dxc5 Nc6 11. O-O Bxc5 12. Nb5 Bb6 13. Nd6 Re7 14. Rc1 Nh5 15. Nxc8 Rxc8 16. Bf5 Ra8 17. Qb3 Na5 18. Qd3 Nc4 19. b3 Ne5 20. Bxe5 Rxe5 21. Rfd1 Qe7 22. Nd4 {Aakash,G (2241)-Kolb,T (2323) chess.com INT 2024 1-0 (38)}) ({RR} 7... Bf5 8. Bd3 Bxd3 9. Qxd3 O-O 10. Nge2 c6 11. O-O Bd6 12. Bxd6 Qxd6 13. Ng3 Nbd7 14. Nf5 Qe6 15. Rae1 Ne4 16. f3 Qxf5 17. fxe4 Qg6 18. Qb1 dxe4 19. Qxe4 Qxe4 20. Nxe4 Nb6 21. Nd6 Rab8 22. Rf3 {Owezdurdiyeva,J (2057)-Buksa,N (2388) Samarkand UZB 2023 0-1 (55)}) 8. Bxd6 Qxd6 9. Bd3 O-O 10. Nge2 Re8 11. Qc2 a6 12. Rd1 Nbd7 13. O-O b6 14. Ng3 Bb7 15. Rfe1 Rad8 16. f3 c5 17. Nf5 Qf8 18. Qf2 g6 19. Qg3 Re6 20. Ne2 Kh8 21. Nh4 Qg7 22. Nf4 Ree8 23. Bc2 Nf8 24. Nd3 N6d7 25. Qf2 Ne6 26. f4 cxd4 27. f5 dxe3 28. Qxe3 Nef8 29. Qf2 g5 30. Nf3 Nh7 31. h4 $6 {Inaccuracy. Ba4 was best.} (31. Ba4) 31... g4 32. Nd2 g3 33. Qf4 Nhf6 34. Nf3 Ne4 $2 {Mistake. Re4 was best.} (34... Re4 35. Qd2) 35. Qc7 Ba8 36. Nf4 Ndf6 37. Qxb6 Rb8 38. Qd4 a5 39. b3 Kg8 1/2-1/2

[Event "Sharjah Master 2024"]
[Site "Shsrjah - Abu Dhabi"]
[Date "2024.05.16"]
[Round "?"]
[White "Klimkowski, Jan"]
[Black "Idani, Pouya"]
[Result "0-1"]
[WhiteElo "2517"]
[BlackElo "2605"]
[PlyCount "58"]
[EventDate "2024.05.14"]
[EventCountry "UAE"]

1. e4 c6 2. Nf3 d5 3. Nc3 dxe4 4. Nxe4 Nf6 5. Qe2 Nxe4 6. Qxe4 Nd7 7. d4 Nf6 8. Qd3 g6 9. Be2 Bg7 10. O-O O-O 11. Re1 $146 ({RR} 11. h3 Bf5 12. Qb3 Qc7 13. c4 a5 14. a4 Qd6 15. Be3 Nd7 16. Rfd1 Qb4 17. Qxb4 axb4 18. Ne1 c5 19. g4 Be4 20. f3 Bc6 21. b3 cxd4 22. Bxd4 Bxd4+ 23. Rxd4 Nc5 24. Rb1 e5 25. Rdd1 e4 {Efroimski,M (2449)-Elmi,S (2323) Kragero NOR 2024 ½-½ (56)}) ({RR} 11. c4 a5 12. Bf4 a4 13. h3 Re8 14. Ne5 Bf5 15. Qe3 Nd7 16. Nf3 c5 17. d5 e6 18. d6 e5 19. Bh2 e4 20. Nd2 Bd4 21. Qa3 e3 22. Nf3 exf2+ 23. Kh1 Rxe2 24. Nxd4 cxd4 25. Qf3 Rxb2 {Garcia Martin,M (2342)-Kosteniuk,A (2501) Monaco MNC 2024 0-1 (31)}) 11... Qc7 12. a4 Bf5 13. Qb3 c5 14. c3 Be4 15. dxc5 Qxc5 16. Bf4 a6 17. Ne5 Rac8 18. Rad1 Nd5 19. Bg3 Bxe5 20. Bxe5 Ne3 21. fxe3 Qxe5 22. Rd4 $6 {Inaccuracy. Bf1 was best.} (22. Bf1) 22... Bc2 23. Qxb7 $2 {Mistake. Qd5 was best.} (23. Qd5) 23... Qxe3+ 24. Kf1 Rc5 25. g4 $6 {Inaccuracy. Qxa6 was best.} (25. Qxa6 Re5 26. a5 Be4 27. Rxe4 Qxe4 28. Qb6 Qf5+ 29. Qf2 Rxa5 30. b4 Ra3) 25... e5 26. Rb4 $6 {Inaccuracy. Bf3 was best.} (26. Bf3 Bd3+ 27. Rxd3 Qxd3+ 28. Kg1 Qd2 29. Re2 Qd1+ 30. Kg2 Qxa4 31. h4 Qb5) 26... a5 27. Rb5 Be4 28. Qxe4 Qxe4 29. Rxc5 Qh1+ 0-1

[Event "Sharjah Master 2024"]
[Site "Shsrjah - Abu Dhabi"]
[Date "2024.05.16"]
[Round "?"]
[White "Yilmazyerli, Mert"]
[Black "Jumabayev, Rinat"]
[Result "1/2-1/2"]
[WhiteElo "2522"]
[BlackElo "2595"]
[PlyCount "76"]
[EventDate "2024.05.14"]
[EventCountry "UAE"]

1. d4 Nf6 2. c4 g6 3. Nf3 Bg7 4. g3 d6 5. Bg2 O-O 6. Nc3 Nbd7 7. O-O e5 8. h3 Re8 9. e4 exd4 10. Nxd4 c6 11. Rb1 a5 12. Re1 Nc5 13. b3 Bd7 14. Bf4 Qb6 15. Be3 Rad8 16. Qc2 Qc7 17. f4 $6 {Inaccuracy. Rbd1 was best.} (17. Rbd1 Qc8 18. g4 h5 19. g5 Nh7 20. Kh2 a4 21. Rf1 axb3 22. axb3 Ne6) 17... h5 18. Rbd1 Qc8 19. Kh2 b5 20. cxb5 cxb5 21. Ndxb5 Ncxe4 22. Rc1 d5 23. Nxe4 Qxc2 24. Nxf6+ Bxf6 25. Rxc2 Bxb5 26. Rc5 d4 27. Bd2 Bd3 28. Rxa5 Kg7 29. Rd5 Rxe1 30. Bxe1 Re8 31. Bf2 Re2 32. Kg1 Rxa2 33. Bf3 Ra1+ 34. Kh2 Ra2 35. Kg1 Ra1+ 36. Kh2 Ra2 37. Kg1 Re2 (37... Ra1+) 38. Bg2 Bf5 1/2-1/2

[Event "Sharjah Master 2024"]
[Site "Shsrjah - Abu Dhabi"]
[Date "2024.05.16"]
[Round "?"]
[White "Sethuraman, S.P."]
[Black "Raja Rithvik R"]
[Result "1/2-1/2"]
[WhiteElo "2588"]
[BlackElo "2523"]
[PlyCount "122"]
[EventDate "2024.05.14"]
[EventCountry "UAE"]

1. e4 e5 2. Nf3 Nc6 3. Bc4 Bc5 4. d3 Nf6 5. Bg5 d6 6. c3 h6 7. Bh4 g5 8. Bg3 a5 9. Nbd2 O-O $146 ({RR} 9... Ne7 10. d4 exd4 11. cxd4 Bb4 12. O-O d5 13. exd5 Nfxd5 14. Ne4 c6 15. a3 f5 16. Ne5 O-O 17. Nxg5 hxg5 18. Qh5 Bd2 19. Rad1 Bf4 20. Bxf4 gxf4 21. Qg5+ Kh7 22. Rd3 Ne3 23. fxe3 Nd5 24. Qg6+ {Novik,M (2415)-Buenafe Moya,J (2160) chess.com INT 2024 1-0}) 10. h4 g4 11. Nh2 h5 12. Qe2 Ne7 13. f4 Ng6 14. f5 Nf4 15. Bxf4 exf4 16. d4 Bb6 $6 {Inaccuracy. Ba7 was best.} (16... Ba7 17. Rf1 d5 18. e5 c5 19. Rxf4 cxd4 20. cxd4 dxc4 21. Nxg4 hxg4 22. Ne4) 17. O-O-O d5 18. Qf1 Nxe4 $2 {Mistake. dxc4 was best.} (18... dxc4 19. Qxf4 Kh7 20. Nxc4 a4 21. a3 Rg8 22. Nf1 Qf8 23. Ng3 Qh6 24. Qxh6+) 19. Nxe4 dxe4 20. Qxf4 Qf6 21. Nf1 Qxf5 22. Qh6 Qh7 23. Qg5+ Kh8 24. Ng3 f6 $2 {Mistake. f5 was best.} (24... f5) 25. Qf4 $4 {Blunder. Rdf1 was best.} (25. Rdf1 fxg5 26. Rxf8+ Kg7 27. Rf7+ Kg6 28. Rxh7 Kxh7 29. hxg5 Kg6 30. Rf1 Kxg5) 25... c6 26. Nxe4 Bc7 27. Qd2 Bf5 28. Nc5 b6 $6 {Inaccuracy. Rae8 was best.} (28... Rae8) 29. Ne6 Bxe6 30. Bxe6 f5 31. Rde1 $6 {Inaccuracy. Bb3 was best.} (31. Bb3 f4) 31... Rf6 32. Rhf1 $2 {Mistake. Bc4 was best.} (32. Bc4) 32... Raf8 $2 {Mistake. Bg3 was best.} (32... Bg3) 33. d5 $6 {Inaccuracy. Bc4 was best.} (33. Bc4 Bg3) 33... cxd5 $6 {Inaccuracy. Bg3 was best.} (33... Bg3 34. d6 Bxe1 35. Rxe1 Qh6 36. Qxh6+ Rxh6 37. d7 Rd8 38. Bxf5 Kg7 39. Re7+) 34. Bxd5 Qh6 35. Re7 Qxd2+ 36. Kxd2 Bg3 37. Kc2 Rd6 38. c4 Bxh4 39. Re5 Bg5 40. Rfxf5 Rxf5 41. Rxf5 Rg6 42. Bf7 Rg7 43. Bxh5 Be3 44. Re5 Bc5 45. a3 Kh7 46. Re4 g3 47. Bf3 Kg6 48. Kc3 Kf6 49. b4 axb4+ 50. axb4 Bf2 51. Kb3 Re7 52. Rg4 Re1 53. Ka4 Rb1 54. Kb5 Bc5 55. Rg6+ Ke5 56. Rg5+ Kd4 57. Rg4+ Ke5 58. Rg5+ Kd4 59. Kc6 Rxb4 60. Rxg3 Rxc4 61. Rg4+ Kc3 1/2-1/2

[Event "Sharjah Master 2024"]
[Site "Shsrjah - Abu Dhabi"]
[Date "2024.05.16"]
[Round "?"]
[White "Avila Pavas, Santiago"]
[Black "Moroni, Luca Jr"]
[Result "0-1"]
[WhiteElo "2514"]
[BlackElo "2580"]
[PlyCount "104"]
[EventDate "2024.05.14"]
[EventCountry "UAE"]

1. e4 c5 2. Nf3 Nc6 3. Bb5 Qc7 4. O-O a6 5. Bxc6 dxc6 6. h3 $6 {Inaccuracy. a4 was best.} (6. a4 e5 7. a5 Bg4 8. d3 Nf6 9. Be3 Nd7 10. h3 Bh5) 6... e5 7. a4 $146 ({RR} 7. d3 Ne7 8. Be3 Ng6 9. Nbd2 Be7 10. a4 a5 11. Nc4 f6 12. Qe1 O-O 13. Bd2 b6 14. Ra3 Be6 15. Qe2 Bd8 16. Rb1 Qe7 17. Qe1 Bc7 18. Ne3 Nf4 19. Nf5 Qd7 20. Ng3 g5 21. Nh2 g4 {Gara,A (2340)-Molnar,L (1770) Budapest 2024 1-0 (65)}) ({RR} 7. d3 Ne7 8. Be3 Ng6 9. Nbd2 Be7 10. a4 a5 11. Nc4 f6 12. Qe1 O-O 13. Bd2 b6 14. Ra3 Be6 15. Qe2 Bd8 16. Rb1 Qe7 17. Qe1 Bc7 18. Ne3 Nf4 19. Nf5 Qd7 20. Ng3 g5 21. Nh2 g4 {Gara,A (2340)-Molnar,L (1770) Hungary HUN 2024 1-0 (65)}) 7... a5 8. Na3 Ne7 9. c3 Ng6 10. d4 cxd4 11. cxd4 exd4 12. Qxd4 Be6 13. Ng5 Bd7 $6 {Inaccuracy. Bc8 was best.} (13... Bc8 14. Nc4 f6 15. Qb6 Qxb6 16. Nxb6 Rb8 17. Nxc8 Rxc8 18. Ne6 Kd7 19. Nxf8+) 14. Rd1 Rd8 $6 {Inaccuracy. Bc8 was best.} (14... Bc8) 15. Qc4 Ne5 16. Bf4 $4 {Blunder. Qc3 was best.} (16. Qc3 h6) 16... Nf3+ 17. Nxf3 Qxf4 18. Qc3 Be7 19. Nc4 O-O 20. Nxa5 Bc8 21. Qe5 Qxe5 22. Nxe5 f6 23. Nf3 Bb4 24. Nc4 Be6 25. Ne3 Bb3 26. Rxd8 Rxd8 27. a5 Bc5 28. a6 Ra8 29. Rc1 b6 30. Ra1 Ra7 31. Nf5 Bc2 32. Ng3 Bd3 33. Nh4 $6 {Inaccuracy. Rd1 was best.} (33. Rd1 Bxa6 34. e5 Bc4 35. exf6 gxf6 36. Ne4 Be7 37. Nd4 Rd7 38. Rd2 Bd5) 33... Kf7 34. Nhf5 $2 {Mistake. Nf3 was best.} (34. Nf3 g6) 34... g6 35. Rd1 Bxa6 36. Nh6+ Kg7 37. Ng4 h5 38. Ne3 Bb5 39. h4 Kf7 40. Rd8 Ra1+ 41. Kh2 Rb1 42. Rd7+ Ke6 43. Rg7 Bf8 44. Rb7 Bc5 45. Rg7 Bxe3 $4 {Blunder. Rxb2 was best.} (45... Rxb2 46. Rxg6 Rxf2 47. Nef5 Be2 48. Rh6 Bf3 49. Ng7+ Ke5 50. Rh8 b5 51. Re8+) 46. fxe3 Rxb2 47. Rxg6 Be2 48. Nf5 $4 {Blunder. Rh6 was best.} (48. Rh6) 48... Ke5 49. Ne7 $6 {Inaccuracy. Rg7 was best.} (49. Rg7 Kxe4 50. Ng3+ Kd3 51. Rd7+ Kc4 52. Rd4+ Kc3 53. Ne4+ Kb3 54. Rd6 b5) 49... Rc2 50. Rg8 Kxe4 51. Rc8 c5 52. Kg3 $6 {Inaccuracy. Re8 was best.} (52. Re8 b5 53. Ng8+ Kd3 54. Nxf6 b4 55. e4 b3 56. Rd8+ Kc3 57. e5 Bf3) 52... Bf1 0-1

[Event "Sharjah Master 2024"]
[Site "Shsrjah - Abu Dhabi"]
[Date "2024.05.16"]
[Round "?"]
[White "Gurel, Ediz"]
[Black "Cardoso Cardoso, Jose Gabriel"]
[Result "1-0"]
[WhiteElo "2578"]
[BlackElo "2496"]
[PlyCount "65"]
[EventDate "2024.05.14"]
[EventCountry "UAE"]

1. e4 c5 2. Nf3 d6 3. d4 cxd4 4. Nxd4 Nf6 5. Nc3 a6 6. Bg5 Nbd7 7. Bc4 Qb6 8. Bb3 e6 9. Bxf6 Nxf6 10. Qd2 Nd7 11. O-O-O ({RR} 11. f4 Nc5 12. f5 Bd7 13. O-O-O Be7 14. Kb1 O-O-O 15. fxe6 fxe6 16. Bxe6 Nxe6 17. Nd5 Qxd4 18. Qxd4 Nxd4 19. Nxe7+ Kb8 20. Rxd4 Rde8 21. Nd5 Rhf8 22. Kc1 Rf2 23. Rg1 Ref8 24. Nc3 Kc7 25. Rd2 Rf1+) 11... Nc5 12. Rhe1 Bd7 13. Nf5 O-O-O $146 ({RR} 13... exf5 14. Nd5 Qc6 15. exf5+ Kd8 16. Bc4 a5 17. g4 h5 18. h3 Na4 19. Bb3 Nc5 20. Bc4 Na4 21. Bb3 Nb6 22. Qg5+ f6 23. Nxf6 hxg4 24. Nd5+ Kc8 25. hxg4 a4 26. Nxb6+ Qxb6 27. Be6 a3 28. b3 {Karsten,J (2284)-Audi Ameya (2392) Dubai Police Officers Club, A 2024 ½-½ (36)}) ({RR} 13... exf5 14. Nd5 Qc6 15. exf5+ Kd8 16. Bc4 a5 17. g4 h5 18. h3 Na4 19. Bb3 Nc5 20. Bc4 Na4 21. Bb3 Nb6 22. Qg5+ f6 23. Nxf6 hxg4 24. Nd5+ Kc8 25. hxg4 a4 26. Nxb6+ Qxb6 27. Be6 a3 28. b3 {Karsten,J (2286)-Audi,A (2396) Dubai UAE 2024 ½-½ (36)}) 14. Nxd6+ Bxd6 15. Qxd6 Nxb3+ 16. axb3 ({RR} 16. cxb3 Qxf2 17. Re2 Qh4 18. Na4 Bxa4 19. Rc2+ Bc6 20. Rxc6+ bxc6 21. Qxc6+ Kb8 22. Qb6+ Kc8 23. Qxa6+ Kb8 24. Qb6+ Kc8 25. Qa6+ Kb8 26. Qb6+ Kc8) 16... Qxf2 17. Rf1 Qe3+ 18. Kb1 Bb5 19. Nxb5 Rxd6 20. Nxd6+ Kb8 21. Rxf7 Rd8 22. Ka2 Qe2 23. Rd4 Ka8 24. Rxg7 Qh5 $4 {Blunder. Qxc2 was best.} (24... Qxc2) 25. Nb5 Rf8 26. Na3 Qxh2 27. Nc4 $6 {Inaccuracy. Rdd7 was best.} (27. Rdd7 Qb8 28. Nc4 Rg8 29. Rxh7 Rh8 30. Rhe7 Re8 31. Rxb7 Rxe7 32. Rxe7 Qg8) 27... Qh4 28. c3 Rd8 29. Nb6+ Ka7 30. Rb4 a5 $2 {Mistake. Rb8 was best.} (30... Rb8 31. g4 Qg3 32. Rxh7 Qxg4 33. Na4 Qg8 34. Rd7 Qf8 35. Rb6 e5 36. c4) 31. Rb5 Qxe4 32. Nc4 $2 {Mistake. Na4 was best.} (32. Na4 Qc6 33. Rxa5+ Kb8 34. Nc5 b5 35. Na6+ Kc8 36. Nb4 Qe4 37. Raa7 Rd6) 32... a4 $4 {Checkmate is now unavoidable. Qc6 was best.} (32... Qc6 33. Rxa5+) 33. Ra5+ 1-0

[Event "Sharjah Master 2024"]
[Site "Shsrjah - Abu Dhabi"]
[Date "2024.05.16"]
[Round "?"]
[White "Dronavalli, Harika"]
[Black "Peralta, Fernando"]
[Result "1/2-1/2"]
[WhiteElo "2503"]
[BlackElo "2573"]
[PlyCount "58"]
[EventDate "2024.05.14"]
[EventCountry "UAE"]

1. d4 Nf6 2. c4 e6 3. Nc3 Bb4 4. Qc2 d6 5. e3 c5 $146 ({RR} 5... e5 6. Bd3 O-O 7. Nge2 Nc6 8. O-O Bxc3 9. Qxc3 a5 10. Ng3 d5 11. dxe5 Ng4 12. cxd5 Ncxe5 13. Be2 Qxd5 14. Qxc7 Be6 15. Rd1 Qc6 16. Qxc6 Nxc6 17. Bd2 Nge5 18. Bc3 f6 19. f4 Nc4 20. e4 {Bok,B (2620)-Martinez Ramirez,L (2442) chess.com INT 2024 1-0}) ({RR} 5... Nbd7 6. Bd3 b6 7. Nge2 Bb7 8. a3 Bxc3+ 9. Nxc3 e5 10. O-O O-O 11. b3 Re8 12. Bb2 Nf8 13. d5 N6d7 14. b4 g6 15. f4 f5 16. e4 fxe4 17. Nxe4 exf4 18. Rxf4 Ne5 19. Nf6+ Kg7 20. Nxe8+ {Holt,C (2540)-Silva,M (2211) chess.com INT 2024 1-0 (43)}) 6. Nf3 O-O 7. Bd3 d5 8. a3 Bxc3+ 9. Qxc3 (9. bxc3) 9... cxd4 10. exd4 dxc4 11. Bxc4 b6 12. Bg5 Bb7 13. Qd3 Nbd7 14. O-O Rc8 15. Rac1 h6 16. Bd2 Nd5 17. Ne5 Nxe5 18. dxe5 Qh4 19. Bxd5 Bxd5 20. Qg3 Qh5 21. h3 Rfd8 22. Bf4 Bb7 23. Kh2 Kh7 24. Rxc8 Rxc8 25. Qd3+ Qg6 26. Qxg6+ Kxg6 27. Rc1 Rxc1 28. Bxc1 Kf5 29. Bd2 g6 1/2-1/2

[Event "Sharjah Master 2024"]
[Site "Shsrjah - Abu Dhabi"]
[Date "2024.05.16"]
[Round "?"]
[White "Seemann, Jakub"]
[Black "Can, Emre"]
[Result "1-0"]
[WhiteElo "2474"]
[BlackElo "2549"]
[PlyCount "144"]
[EventDate "2024.05.14"]
[EventCountry "UAE"]

1. e4 c5 2. Nf3 d6 3. d4 cxd4 4. Nxd4 Nf6 5. Nc3 a6 6. h3 e6 7. g4 d5 8. exd5 Nxd5 9. Nde2 h5 10. Nxd5 $146 ({RR} 10. g5 Nc6 11. Bg2 Nxc3 12. Qxd8+ Nxd8 13. Nxc3 Bd7 14. Be3 Bc6 15. Ne4 Bb4+ 16. c3 Be7 17. O-O f5 18. Nd2 Bxg2 19. Kxg2 Nc6 20. f4 Rd8 21. Nf3 Kf7 22. Bb6 Rd6 23. Rad1 Rc8 24. Kg3 Ke8 {Utsab,C (2289)-Shohat,Y (2332) Stockholm SWE 2024 1-0 (45)}) ({RR} 10. g5 Nc6 11. Bg2 Nxc3 12. Qxd8+ Nxd8 13. Nxc3 Bd7 14. Be3 Bc6 15. Ne4 Rc8 16. O-O Bd5 17. c3 Be7 18. f4 Bxe4 19. Bxe4 Bc5 20. Kf2 g6 21. Rad1 Bxe3+ 22. Kxe3 Ke7 23. Rd2 Nc6 24. Rfd1 Rhd8 {Savchenko,B (2489)-Goutham Krishna H (2288) Bhubaneswar IND 2024 1-0 (56)}) 10... exd5 11. Qd3 hxg4 12. Bd2 Nd7 13. Qxd5 Qb6 14. O-O-O Nf6 15. Qe5+ Qe6 16. Qxe6+ Bxe6 17. Nf4 Bc5 18. Bg2 O-O-O 19. Nxe6 fxe6 20. Rdf1 Kc7 21. Bf4+ Kb6 22. Re1 Rde8 23. hxg4 Rxh1 24. Rxh1 Nxg4 25. Rh3 Ka7 26. Rc3 Bb6 27. Bc7 $6 {Inaccuracy. Rg3 was best.} (27. Rg3) 27... Re7 28. Bxb6+ Kxb6 29. Rc4 Nf6 30. Rb4+ Ka7 31. Kd2 Nd5 32. Rd4 Rf7 33. Bxd5 exd5 34. Ke3 Re7+ 35. Kf3 Re5 36. Rd2 Kb6 37. Kf4 Rh5 38. Re2 Rh4+ 39. Ke5 Kc5 40. f4 Rh5+ 41. Ke6 Rh6+ 42. Kf5 Kd6 43. c3 a5 44. a4 Rh5+ 45. Kg6 Rh4 46. f5 Rg4+ 47. Kh5 Re4 48. Rg2 Ke7 49. Kg6 Kf8 50. Rd2 Rg4+ 51. Kh5 Rxa4 52. Rxd5 Ra1 53. Rb5 Kf7 54. Kg5 a4 $4 {Blunder. Rg1+ was best.} (54... Rg1+ 55. Kf4 g5+ 56. fxg6+ Rxg6 57. Rxb7+ Ke8 58. Ke5 Ra6 59. Rb3 Kd7 60. Kd4) 55. Rxb7+ Kf8 56. Rb8+ Kf7 57. Rb7+ Kf8 58. Kf4 $2 {Mistake. c4 was best.} (58. c4) 58... a3 $4 {Blunder. Rc1 was best.} (58... Rc1 59. Ke5) 59. bxa3 Rxa3 60. c4 Ra6 61. Ke5 Ra5+ 62. Ke6 Ra6+ 63. Kd7 Ra5 64. Rb5 Ra7+ 65. Kc6 Ra6+ 66. Rb6 Ra5 67. c5 Ke7 68. Rb5 Ra1 69. Kb7 Rc1 70. c6 Kd6 71. Rb2 Ke5 72. Rg2 Kd5 1-0

[Event "Sharjah Master 2024"]
[Site "Shsrjah - Abu Dhabi"]
[Date "2024.05.16"]
[Round "?"]
[White "Erdos, Viktor"]
[Black "Assaubayeva, Bibisara"]
[Result "1/2-1/2"]
[WhiteElo "2546"]
[BlackElo "2481"]
[PlyCount "70"]
[EventDate "2024.05.14"]
[EventCountry "UAE"]

1. e4 e5 2. Nf3 Nc6 3. Bb5 a6 4. Ba4 Nf6 5. O-O Bc5 6. d3 b5 7. Bb3 O-O 8. Nc3 h6 9. Nd5 ({RR} 9. a4 b4 10. Nd5 Rb8 11. Be3 d6 12. a5 Nxd5 13. Bxd5 Bxe3 14. fxe3 Nxa5 15. Rxa5 c6 16. Ra1 cxd5 17. exd5 Qc7 18. e4 f5 19. Nd2 Bd7 20. exf5 Bxf5 21. Rxa6 Qc5+ 22. Kh1 Qxd5 23. Ra1 Rf7 {Petrosyan,M (2627)-Dubov,D (2708) chess.com INT 2024 0-1 (47)}) 9... Re8 $146 ({RR} 9... d6 10. c3 Ba7 11. Nxf6+ Qxf6 12. Bd5 Bb7 13. Kh1 Nd8 14. g4 Bxd5 15. exd5 Qe7 16. g5 hxg5 17. Nxg5 f6 18. Ne4 c6 19. c4 cxd5 20. cxd5 f5 21. Ng5 Rf6 22. Qf3 f4 23. Bd2 Rh6 24. Rg1 {Zemlyanskii,I (2529)-Zverev,L (2378) Moscow RUS 2024 ½-½ (38)}) ({RR} 9... d6 10. c3 Rb8 11. d4 Ba7 12. Be3 Nxd5 13. Bxd5 Ne7 14. dxe5 Bxe3 15. fxe3 Nxd5 16. exd5 dxe5 17. Nxe5 Bb7 18. e4 Qe7 19. Qd4 Rfe8 20. Nd3 {½-½ (20) Piorun,K (2599)-Kourkoulos Arditis,S (2556) San Vicente ESP 2024}) ({RR} 9... d6 10. c3 Rb8 11. h3 Nxd5 12. Bxd5 Ne7 13. Bb3 Ng6 14. d4 Bb6 15. Be3 Qf6 16. a4 c5 17. a5 Ba7 18. d5 Qe7 19. Bc2 c4 20. Qd2 f5 21. Bxa7 Qxa7 22. Qe3 Qe7 23. exf5 Bxf5 24. Bxf5 {Kollars,D (2648)-Santos Latasa,J (2626) chess.com INT 2024 ½-½ (40)}) 10. Be3 d6 11. a4 Rb8 12. axb5 axb5 13. c3 Nxd5 14. Bxd5 Qd7 15. Qd2 Bxe3 16. fxe3 Nd8 17. Ra7 Bb7 18. Nh4 c6 $6 {Inaccuracy. g6 was best.} (18... g6 19. Qf2 Bxd5 20. exd5 Qe7 21. e4 b4 22. cxb4 Rxb4 23. Qd2 Qg5 24. Qxg5) 19. Bb3 d5 20. Nf5 $6 {Inaccuracy. Qf2 was best.} (20. Qf2 Qd6 21. Qg3 Bc8 22. d4 Be6 23. exd5 cxd5 24. Rf6 Rb6 25. Nf5 Bxf5) 20... Kh7 21. Qf2 Ra8 $2 {Mistake. g6 was best.} (21... g6 22. Ng3) 22. Rxa8 Bxa8 23. d4 $2 {Mistake. Qh4 was best.} (23. Qh4) 23... g6 24. Ng3 Qe7 25. Qf6 Qxf6 26. Rxf6 Kg7 27. Rd6 Nb7 28. Rd7 Na5 29. Ba2 Nc4 30. Bxc4 bxc4 31. Ra7 exd4 32. exd4 Rb8 33. e5 Bb7 34. Kf2 Bc8 35. Ra2 Be6 1/2-1/2

[Event "Sharjah Master 2024"]
[Site "Shsrjah - Abu Dhabi"]
[Date "2024.05.16"]
[Round "?"]
[White "Samant Aditya S"]
[Black "Dudin, Gleb"]
[Result "0-1"]
[WhiteElo "2499"]
[BlackElo "2554"]
[PlyCount "110"]
[EventDate "2024.05.14"]
[EventCountry "UAE"]

1. e4 c5 2. Nf3 d6 3. d4 cxd4 4. Nxd4 Nf6 5. Nc3 a6 6. h3 e5 7. Nb3 Be7 8. g4 ({RR} 8. Be3 Be6 9. Qf3 Nbd7 10. g4 h6 11. O-O-O Rc8 12. Nd5 Nf8 13. Bd3 Ng6 14. Rhe1 Nd7 15. Kb1 Bg5 16. c4 O-O 17. Bf1 Nh4 18. Bxg5 hxg5 19. Qd3 Ng6 20. Ne3 Rc6 21. Qd2 b6 22. Nd5 a5 {Abdusattorov,N (2744)-Maghsoodloo,P (2715) Prague CZE 2024 1-0 (68)}) 8... h6 9. Be3 Nbd7 10. Qf3 $146 ({RR} 10. Qd2 b5 11. f3 Bb7 12. O-O-O b4 13. Ne2 d5 14. Ng3 d4 15. Bf2 Nxg4 16. f4 Nxf2 17. Qxf2 O-O 18. Rg1 Bh4 19. Qf3 exf4 20. Nf5 Kh8 21. Rxd4 Ne5 22. Qh5 Qf6 23. Nxh4 Rad8 24. Nf5 Rxd4 {Tarhan,A (2432)-Bok,B (2620) chess.com INT 2024 1-0}) ({RR} 10. Bg2 Qc7 11. Qe2 b5 12. O-O-O Bb7 13. f4 Rc8 14. g5 hxg5 15. fxg5 Nh5 16. Qf2 Nf4 17. h4 b4 18. Nd5 Bxd5 19. exd5 Nxg2 20. Qxg2 a5 21. Kb1 a4 22. Nc1 Nb6 23. Bxb6 Qxb6 24. h5 Qe3 {Kowalski,I (2375)-Abhyuday,S (1951) Lorca ESP 2023 1-0 (47)}) ({RR} 10. Bg2 Nf8 11. f4 exf4 12. Bxf4 Ng6 13. Bg3 O-O 14. O-O Be6 15. Kh1 Rc8 16. Nd4 Qb6 17. Rb1 Ne5 18. Nf5 Bxf5 19. exf5 Rc4 20. Qe2 Rfc8 21. Bf2 Qc7 22. Rfd1 b5 23. a3 b4 24. axb4 Rxb4 {Nemsadze,D (2253)-Lewicki,M (2321) Krakow POL 2023 0-1 (42)}) 10... b5 11. O-O-O b4 12. Nd5 Nxd5 13. exd5 a5 14. Nd2 a4 15. Kb1 O-O 16. Ne4 $6 {Inaccuracy. Rg1 was best.} (16. Rg1 a3) 16... Qc7 17. Rg1 b3 18. cxb3 axb3 19. Rc1 Qa5 20. a3 Bb7 21. Bc4 Bxd5 22. Bxd5 Qxd5 23. Rgd1 Qe6 24. Rc6 Nb8 25. Rc3 Ra4 26. Ng3 Nd7 27. Qc6 Rfa8 28. Nf5 Bf8 29. Rcd3 Nf6 30. Nxd6 Ne4 31. Qxe4 Rxe4 32. Nxe4 Qc4 33. Nc3 Kh7 34. f3 Be7 35. Kc1 Bf6 36. Kb1 e4 37. fxe4 Rxa3 38. bxa3 Bxc3 39. Bc1 Bb4 40. R3d2 Bxd2 41. Rxd2 Qxe4+ 42. Kb2 Qc4 43. Kb1 h5 44. gxh5 f5 45. Rb2 Qd3+ 46. Ka1 Qxh3 47. a4 Qf1 48. Kb1 Qd3+ 49. Ka1 Qc4 50. Kb1 Qe4+ 51. Ka1 Qxa4+ 52. Kb1 f4 53. Rf2 Qe4+ 54. Ka1 Qd4+ 55. Rb2 f3 0-1